000
00357nam a2200157Ia 4500
008
151213s9999 xx 000 0 und d
100
_a
Sylvia & Moder
245
_a
Biology
_c
Sylvia & Moder
250
_a
5th
260
_a
Boston
_b
McGraw hill
300
_a
1386 p.
650
_a
Biology
650
_a
Biology
700
_a
Sylvia & Moder
999
_c
1108
_d
1108